000 00564nam a22001937a 4500
003 CEME
005 20210628202302.0
008 210210b xxu||||| |||| 00| 0 eng d
020 _a9971-51-163-0
040 _c.
082 _a658.5 BUF
100 _aBuffa, Elwood .S ,Sarin, Rakesh .K
_959144
245 _aModern production operations management
250 _a8TH
260 _aNEW YORK
_bJOHN WILEY
_c1987
300 _aXIV,834P
650 _aPRODUCTION MANAGEMENT.OPERATIONS MANAGEMENT.OPERATIONAL SYSTEMS.OPERATIONS STRATEGY.
_959145
942 _cBK
_2ddc
999 _c569191
_d569191